| 000 | 01026nam2a22002411 4500 | ||
|---|---|---|---|
| 001 | rc\393654 | ||
| 005 | 20250621165101.0 | ||
| 010 |
_a5-09-001358-6 _9532000 |
||
| 035 | _a(NLR Aleph) 005815251 | ||
| 090 |
_a5424273 _c5424273 |
||
| 100 | _a20030616d1989 |||y0rusy50 ca | ||
| 101 | 0 | _arus | |
| 102 | _aRU | ||
| 105 | _aa ||||||||| | ||
| 200 | 0 | _aЧ. 2 | |
| 210 |
_d1989 _aБ. м. |
||
| 215 |
_a221, [1] с. _cил. _d22 |
||
| 461 | 0 |
_1001rc\393652 _12001#$aРодное слово$eУчеб. по чтению для учащихся 3-го кл. четырехлет. нач. шк.$eВ 2 ч.$f[Сост. Горецкий В.Г. и др.]$vЧ. 2 _95424256 _cМ. _d1989- _e2-е изд. _f[Сост. Горецкий В.Г. и др.] _nПросвещение _oУчеб. по чтению для учащихся 3-го кл. четырехлет. нач. шк. : В 2 ч. _tРодное слово _y5090013578 _vЧ. 2 |
|
| 801 | 0 |
_aRU _bNLR _gpsbo |
|
| 801 | 1 |
_aRU _bELAR _2rusmarc |
|
| 852 |
_aNLR _j88-5/6599 |
||
| 942 | _cBOOK | ||
| 980 | _aNB | ||